Helping relationships : basic concepts for the helping professions /

Bibliographic Details
Main Author: Combs, Arthur W. (Arthur Wright), 1912-1999
Other Authors: Avila, Donald L., Purkey, William Watson
Format: Book
Language:English
Published: Boston : Allyn and Bacon, [1978]
Edition:2d ed.
Subjects:

MARC

Tag First Indicator Second Indicator Subfields
LEADER 00000cam a2200000 i 4500
001 in00000057618
005 20151008050412.0
008 770928s1978 mau b 00110 eng
010 |a  77020972  
020 |a 0020505957 :  |c $8.95 
035 |a (OCoLC)03361749 
035 |9 AAG0834AM 
040 |a DLC  |c DLC  |d VRC  |d TXA  |d UtOrBLW 
049 |a TXAM  |c [1159661] 
050 0 0 |a BF637.C6  |b C48 1978 
082 0 |a 361/.06 
100 1 |a Combs, Arthur W.  |q (Arthur Wright),  |d 1912-1999. 
245 1 0 |a Helping relationships :  |b basic concepts for the helping professions /  |c Arthur W. Combs, Donald L. Avila, William W. Purkey. 
250 |a 2d ed. 
264 1 |a Boston :  |b Allyn and Bacon,  |c [1978] 
264 4 |c ©1978 
300 |a ix, 262 pages ;  |c 23 cm. 
336 |a text  |b txt  |2 rdacontent 
337 |a unmediated  |b n  |2 rdamedia 
338 |a volume  |b nc  |2 rdacarrier 
500 |a Includes indexes. 
504 |a Bibliography: pages 217-247. 
650 0 |a Counseling. 
650 0 |a Helping behavior. 
650 2 |a Counseling. 
650 2 |a Helping Behavior. 
700 1 |a Avila, Donald L. 
700 1 |a Purkey, William Watson. 
999 |a MARS 
999 f f |s 0805f781-110e-3afd-ab18-4642424520b2  |i 95acd99a-94cf-3e8a-bb31-f77046eef218  |t 0 
952 f f |p ric  |a Texas A&M University  |b Rellis Campus  |c Joint Library Facility  |d Remote Storage  |t 0  |e BF637.C6 C48 1978  |h Library of Congress classification  |i unmediated -- volume  |m A14801688808 
998 f f |a BF637.C6 C48 1978  |t 0  |l Remote Storage